[Event "Santa Clara"]
[Site "Santa Clara"]
[Date "1990.??.??"]
[Round "2"]
[White "Sieiro Gonzalez, Luis"]
[Black "Herrera, Irisberto"]
[Result "1/2-1/2"]
[WhiteElo "2360"]
[BlackElo "2410"]

1.e4 e6 2.d4 d5 3.Nc3 Nf6 4.e5 Nfd7 5.f4 c5 6.Nf3 Nc6 7.Be3 Nxd4 8.Nxd4 cxd4
9.Bxd4 Bc5 10.Qd2 Bxd4 11.Qxd4 Qb6 12.Qxb6 Nxb6 13.Nb5 Ke7 14.Bd3 Bd7 15.Nd4 Na4
16.O-O-O Nc5 17.Kd2 g5 18.fxg5 Rag8 19.h4 h6 20.Nf3 hxg5 21.Nxg5 Rxh4 22.Rxh4 Rxg5
23.Re1 Rxg2+ 24.Re2 Rg5 25.b4 Na4 26.a3 Be8 27.Rhh2 Nb6 28.Rhg2 Rh5 29.Rh2  1/2-1/2

[Event "Trnava op"]
[Site "Trnava"]
[Date "1990.??.??"]
[Round "7"]
[White "Govedarica, Radovan"]
[Black "Lanc, Alois"]
[Result "0-1"]
[WhiteElo "2425"]
[BlackElo "2465"]

1.e4 e6 2.d4 d5 3.Nc3 Nf6 4.e5 Nfd7 5.f4 c5 6.Nf3 Nc6 7.Be3 cxd4 8.Nxd4 Bc5
9.Qd2 O-O 10.O-O-O a6 11.h4 Bxd4 12.Bxd4 Nxd4 13.Qxd4 b5 14.h5 h6 15.Kb1 Qb6
16.g3 Rb8 17.Bg2 Nc5 18.Rhe1 b4 19.Ne2 f5 20.exf6 Rxf6 21.Qe3 a5 22.Nd4 Bd7
23.f5 exf5 24.Bxd5+ Kh8 25.Qf4 Ne4 26.Ne2 Be8 27.Qh4 Qc5 28.Bxe4 fxe4 29.Nf4 Rc8
30.Qh2 Rxf4 31.gxf4 Bxh5 32.Rd7 Bg4 33.Rd2 e3 34.Rd3 e2 35.Rxe2 Bxe2 36.Qxe2 Rf8
37.Qh2 Qe5 38.a3 Qxf4 39.Qh5 Qf5 40.Qh4 Qf1+ 41.Ka2 Qf7+ 42.b3 Qc7 43.Qc4 Rc8
44.Qxc7 Rxc7 45.axb4 axb4 46.Kb2 g5 47.Rd8+ Kh7 48.Rb8 g4 49.Rxb4 g3 50.Re4 g2
51.Re1 h5  0-1

[Event "Val Maubuee op"]
[Site "Val Maubuee"]
[Date "1990.??.??"]
[Round "?"]
[White "Nemirovski, Serge"]
[Black "Metral, Jean Paul"]
[Result "1-0"]
[WhiteElo "2365"]
[BlackElo "2220"]

1.e4 e6 2.d4 d5 3.Nc3 Nf6 4.e5 Nfd7 5.f4 c5 6.Nf3 Nc6 7.Be3 cxd4 8.Nxd4 Bc5
9.Qd2 a6 10.Nb3 Be7 11.O-O-O b5 12.Bd3 Nb6 13.Qf2 Na4 14.Nxa4 bxa4 15.Bb6 Qd7
16.Nc5 Bxc5 17.Bxc5 Rb8 18.Bd6 f5 19.Bxb8 Nxb8 20.Qb6 Bb7 21.Rhe1 a3 22.bxa3 O-O
23.Kd2 Bc6 24.Rb1 Qe7 25.Qb4 Qa7 26.Qd6 Re8 27.Ke2 Bb5 28.Bxb5 axb5 29.Rxb5 Nd7
30.Reb1 Nf8 31.Rb7 Qa4 32.Qc7 Qe4+ 33.Kf1  1-0

[Event "Voskresensk"]
[Site "Voskresensk"]
[Date "1990.??.??"]
[Round "?"]
[White "Vasiukov, Evgeni"]
[Black "Dizdar, Goran"]
[Result "1-0"]
[WhiteElo "2545"]
[BlackElo "2470"]

1.e4 e6 2.d4 d5 3.Nc3 Nf6 4.e5 Nfd7 5.f4 c5 6.Nf3 Nc6 7.Be3 a6 8.Qd2 cxd4
9.Nxd4 Bc5 10.O-O-O O-O 11.h4 Bxd4 12.Bxd4 b5 13.Bg1 b4 14.Na4 Qc7 15.Kb1 a5
16.h5 Na7 17.h6 g6 18.Rc1 Qc6 19.b3 Nb5 20.Bd4 Ba6 21.c3 Na3+ 22.Ka1 Bxf1
23.Rhxf1 Qb5 24.Rfd1 Rfc8 25.g4 bxc3 26.Rxc3 Rxc3 27.Bxc3 Nb6 28.Nxb6 Qxb6
29.Bb2 Nb5 30.Rc1 Qb7 31.Qc2 d4 32.Qc4 Rd8 33.a4 Na7 34.Bxd4 Rc8 35.Bc5 Nc6
36.Ba3 Ne7 37.Qb5 Rxc1+ 38.Bxc1 Qc8  1-0

[Event "Acasusso op"]
[Site "Acasusso"]
[Date "1991.??.??"]
[Round "5"]
[White "Ginsburg, Mark"]
[Black "Del Rey, Diego"]
[Result "1-0"]
[WhiteElo "2410"]
[BlackElo "2225"]

1.e4 e6 2.d4 d5 3.Nc3 Nf6 4.e5 Nfd7 5.f4 c5 6.Nf3 Nc6 7.Be3 Qb6 8.Bb5 a6
9.Bxc6 bxc6 10.Na4 Qa5+ 11.c3 cxd4 12.b4 Qc7 13.Bxd4 c5 14.Nxc5 Nxc5 15.bxc5 Bxc5
16.O-O O-O 17.Qd3 f5 18.Rfc1 a5 19.c4 Ba6 20.Qe3 Bxd4 21.Nxd4 Qd7 22.c5 Bc4
23.a3 Rfe8 24.Rab1 Rab8 25.Rb6 Rxb6 26.cxb6 Rb8 27.Rb1 a4 28.Rb4 Rb7 29.h3 Kf7
30.g4 g6 31.Kh2 Qd8 32.Nc6 Qc8 33.Qc5 Bb3 34.Qd6  1-0

[Event "ARG-ch"]
[Site "?"]
[Date "1991.??.??"]
[Round "8"]
[White "Adla, Diego"]
[Black "Mellano, Santiago"]
[Result "1-0"]
[WhiteElo "2435"]
[BlackElo "2235"]

1.e4 e6 2.d4 d5 3.Nc3 Nf6 4.e5 Nfd7 5.f4 c5 6.Nf3 Nc6 7.Be3 cxd4 8.Nxd4 Bc5
9.Qd2 O-O 10.O-O-O Bxd4 11.Bxd4 a6 12.g3 b5 13.Bg2 Bb7 14.Rhe1 b4 15.Ne2 Qa5
16.Kb1 Rfc8 17.f5 Ndxe5 18.fxe6 fxe6 19.Bh3 Nxd4 20.Nxd4 Nc4 21.Qg5 e5 22.Bxc8 Bxc8
23.Nc6 Qb6 24.Ne7+ Kh8 25.Nxd5  1-0

[Event "AUT-chT"]
[Site "?"]
[Date "1991.??.??"]
[Round "?"]
[White "Feistenauer, Fred"]
[Black "Grillitsch, Karl"]
[Result "1/2-1/2"]
[WhiteElo "2300"]
[BlackElo "2300"]

1.e4 e6 2.d4 d5 3.Nc3 Nf6 4.e5 Nfd7 5.f4 c5 6.Nf3 Nc6 7.Be3 cxd4 8.Nxd4 Bc5
9.Qd2 O-O 10.Be2 a6 11.O-O-O Bxd4 12.Bxd4 b5 13.h4 b4 14.Na4 Qa5 15.b3 Nxd4
16.Qxd4 Bb7 17.Kb1 Bc6 18.Nb2 Qc5 19.Rh3 a5 20.c3 Rfc8 21.Rc1 Bb7 22.Na4 Qxd4  1/2-1/2

[Event "URS-chT"]
[Site "Azov"]
[Date "1991.??.??"]
[Round "?"]
[White "Odeev, Handszar"]
[Black "Nikolenko, Oleg"]
[Result "1-0"]
[WhiteElo "2365"]
[BlackElo "2450"]

1.e4 e6 2.d4 d5 3.Nc3 Nf6 4.e5 Nfd7 5.Nf3 c5 6.Bb5 Nc6 7.O-O cxd4 8.Nxd4 Qc7
9.Bf4 a6 10.Ba4 Nb6 11.Bb3 g6 12.a4 Na5 13.Qf3 Bg7 14.Bxd5 Nxd5 15.Nxd5 exd5
16.e6 Qe7 17.Bd6 Qf6 18.Qxd5 fxe6 19.Rfe1 Qxd4 20.Rxe6+ Kd7 21.Re7+ Kd8 22.Bc7+ Kxe7
23.Re1+  1-0

[Event "Bad Woerishofen op"]
[Site "Bad Woerishofen"]
[Date "1991.??.??"]
[Round "2"]
[White "Hickl, Joerg"]
[Black "Tauber, Manfred"]
[Result "1-0"]
[WhiteElo "2480"]
[BlackElo "2270"]

1.e4 e6 2.d4 d5 3.Nc3 Nf6 4.e5 Nfd7 5.f4 c5 6.Nf3 Nc6 7.Be3 a6 8.Qd2 Qa5
9.Be2 cxd4 10.Nxd4 Bb4 11.Nb3 Qc7 12.a3 Be7 13.Bd3 f6 14.exf6 Nxf6 15.h3 O-O
16.O-O Bd7 17.Rae1 Rae8 18.Qf2 Bd6 19.Bb6 Qb8 20.Bc5 Nh5 21.Bxd6 Qxd6 22.Qc5 Qxc5+
23.Nxc5 Bc8 24.f5 d4 25.N3e4 exf5 26.Nd6 Rxe1 27.Rxe1 g6 28.Ncxb7 Bxb7 29.Nxb7 Ng3
30.Bxa6 Ne4 31.Bc4+ Kg7 32.Bd5 Rf6 33.Bxe4 fxe4 34.Rxe4  1-0

[Event "Baden-Baden op"]
[Site "Baden-Baden"]
[Date "1991.??.??"]
[Round "7"]
[White "Treffert, Peter"]
[Black "Freckmann, Mark"]
[Result "0-1"]
[WhiteElo "2240"]
[BlackElo "2315"]

1.e4 e6 2.d4 d5 3.Nc3 Nf6 4.e5 Nfd7 5.f4 c5 6.Nf3 Nc6 7.Be3 cxd4 8.Nxd4 Bc5
9.Qd2 O-O 10.O-O-O a6 11.Nce2 Na5 12.b3 b5 13.Kb1 Qb6 14.Ka1 b4 15.h4 f6
16.exf6 Nxf6 17.Qd3 Nb7 18.g4 Nxg4 19.Bh3 Nxe3 20.Qxe3 Nd8 21.Rhg1 Ra7 22.Rg5 Kh8
23.Qg3 a5 24.f5 exf5 25.Bxf5 Bxf5 26.Rxf5 Rxf5 27.Nxf5 Qf6+ 28.Nfd4 Re7 29.Kb1 Qe5
30.Qg4 Re8 31.Qd7 Rf8 32.Qc8 Be7 33.Rg1 Bf6 34.Rf1 Re8 35.Rf5 Qe7 36.Rxd5 Ne6
37.Qc4 Nxd4 38.Nxd4 Rd8 39.a3 bxa3 40.Ka2 Rxd5 41.Qxd5 Bxh4 42.c4 h6 43.c5 Qe1
44.Ne6 Bf6 45.Qa8+ Kh7 46.Nf8+ Kg8 47.Ng6+ Kf7 48.Nh8+ Ke6 49.Qe8+ Be7 50.Qf7+ Kd7
51.Ng6 Qd2+ 52.Kxa3 Qb4+ 53.Kb2 Qd4+ 54.Kb1 Qxc5 55.Qxg7 Qf5+ 56.Kc1 Qg5+
57.Kc2 Ke6 58.Qg8+ Kf6 59.Nxe7 Kxe7 60.Qh7+ Kf6 61.Qh8+ Kf5 62.Qc8+ Kf4 63.Qc4+ Kg3
64.Qd3+ Kf2 65.Qd4+ Kg2 66.Kd1 Qh5+ 67.Ke1 Qh1+ 68.Kd2 Qh2 69.Qd5+ Kh3+ 70.Kd3 Qg3+
71.Kd4 Qf4+ 72.Kc3 Qc1+  0-1

[Event "Barcelona Vulca"]
[Site "Barcelona"]
[Date "1991.??.??"]
[Round "3"]
[White "Vehi Bach, Victor Manuel"]
[Black "De la Riva Aguado, Oscar"]
[Result "1-0"]
[WhiteElo "2420"]
[BlackElo "2360"]

1.e4 e6 2.d4 d5 3.Nc3 Nf6 4.e5 Ne4 5.Bd3 f5 6.exf6 Nxf6 7.Nf3 c5 8.dxc5 Bxc5
9.O-O Nc6 10.Na4 Bd6 11.c4 O-O 12.Re1 Kh8 13.Bg5 d4 14.Be4 Bd7 15.c5 Bb8
16.Bxc6 Bxc6 17.Nxd4 Bxa4 18.Qxa4 Bxh2+ 19.Kh1 b5 20.Qd1 Qd5 21.Nxe6 Qf5
22.Qf3 Ng4 23.Qxf5 Rxf5 24.f3  1-0

[Event "Barcelona Vulca"]
[Site "Barcelona"]
[Date "1991.??.??"]
[Round "6"]
[White "Vehi Bach, Victor Manuel"]
[Black "Dizdar, Goran"]
[Result "0-1"]
[WhiteElo "2420"]
[BlackElo "2535"]

1.e4 e6 2.d4 d5 3.Nc3 Nf6 4.e5 Nfd7 5.f4 c5 6.Nf3 Nc6 7.Be3 a6 8.Qd2 cxd4
9.Nxd4 Bc5 10.O-O-O O-O 11.h4 Nxd4 12.Bxd4 b5 13.Kb1 b4 14.Ne2 Qb6 15.h5 a5
16.h6 g6 17.Bxc5 Nxc5 18.Qd4 Rb8 19.Ng3 Bd7 20.Be2 Rfc8 21.Bf3 Qc7 22.f5 b3
23.cxb3 Rb4 24.Qe3 Nxb3 25.axb3 Qc2+ 26.Ka1 a4 27.Rc1 axb3 28.Rxc2 Ra4+ 29.Kb1 bxc2+
30.Kc1 Ra1+ 31.Kd2 Rxh1  0-1

[Event "POL-chB"]
[Site "Bielsko-Biala"]
[Date "1991.??.??"]
[Round "4"]
[White "Macieja, Bartlomiej"]
[Black "Kujawski, Adam"]
[Result "1-0"]
[WhiteElo "2250"]
[BlackElo "2310"]

1.e4 e6 2.d4 d5 3.Nc3 Nf6 4.e5 Nfd7 5.Nf3 c5 6.dxc5 Nc6 7.Bf4 Bxc5 8.Bd3 f6
9.exf6 Nxf6 10.O-O O-O 11.Ne5 Bd7 12.Qd2 Nxe5 13.Bxe5 Ng4 14.Bg3 h5 15.Be2 Bc6
16.Bxg4 hxg4 17.Qe2 Qf6 18.Qxg4 Rae8 19.Rad1 Qf5 20.Qxf5 Rxf5 21.Rfe1 b5
22.a3 a5 23.Ne2 e5 24.Nc1 Bb6 25.Nd3 e4 26.Nc1 Ref8 27.Ne2 Rxf2 28.Bxf2 Rxf2
29.Kh1 d4 30.Nxd4 Bb7 31.c3 e3 32.Re2 Bxg2+ 33.Kg1 Bf3 34.Rxe3 Rg2+ 35.Kf1 Bd5
36.Re5 Bf3 37.Nxf3 Rf2+ 38.Ke1 Rxf3  1-0

[Event "Borsodtavho"]
[Site "Borsodtavho"]
[Date "1991.??.??"]
[Round "8"]
[White "Luther, Thomas"]
[Black "Atalik, Suat"]
[Result "1/2-1/2"]
[WhiteElo "2470"]
[BlackElo "2420"]

1.e4 e6 2.d4 d5 3.Nc3 Nf6 4.e5 Nfd7 5.f4 c5 6.Nf3 Nc6 7.Be3 Qb6 8.Na4 Qa5+
9.c3 c4 10.b4 Qc7 11.Be2 Be7 12.O-O O-O 13.Qc2 b5 14.Nc5 a5 15.a3 Nxc5 16.dxc5 f6
17.Nd4 fxe5 18.Nxc6 Qxc6 19.fxe5 Rxf1+ 20.Rxf1 axb4  1/2-1/2

[Event "Mitropa-Cup"]
[Site "Brno"]
[Date "1991.??.??"]
[Round "6"]
[White "Luther, Thomas"]
[Black "Zueger, Beat"]
[Result "1/2-1/2"]
[WhiteElo "2495"]
[BlackElo "2430"]

1.e4 e6 2.d4 d5 3.Nc3 Nf6 4.e5 Nfd7 5.f4 c5 6.Nf3 cxd4 7.Nxd4 Qb6 8.Be3 Nc6
9.Qd2 Qxb2 10.Rb1 Qa3 11.Bb5 Nxd4 12.Bxd4 Bb4 13.O-O O-O 14.Rb3 Qa5 15.Qf2 f5
16.Rfb1 Be7 17.Bxd7 Bxd7 18.Rxb7 Rfd8 19.Nb5 Rab8 20.Nd6 Rxb7 21.Rxb7 Qxa2
22.h3 Qa4 23.Rxa7 Qc6  1/2-1/2

[Event "Cansys IM-Nov"]
[Site "Budapest"]
[Date "1991.??.??"]
[Round "1"]
[White "Almasi, Istvan"]
[Black "Szollosi, Laszlo Jr"]
[Result "1/2-1/2"]
[WhiteElo "2280"]
[BlackElo "2320"]

1.e4 e6 2.d4 d5 3.Nc3 Nf6 4.e5 Nfd7 5.f4 c5 6.Nf3 Nc6 7.Be3 Qb6 8.Na4 Qa5+
9.c3 cxd4 10.b4 Nxb4 11.cxb4 Bxb4+ 12.Bd2 Bxd2+ 13.Nxd2 b6 14.Qb3 Ba6 15.Bxa6 Qxa6  1/2-1/2

[Event "Elekes mem"]
[Site "Budapest"]
[Date "1991.??.??"]
[Round "1"]
[White "Luther, Thomas"]
[Black "Atalik, Suat"]
[Result "1/2-1/2"]
[WhiteElo "2470"]
[BlackElo "2420"]

1.e4 e6 2.d4 d5 3.Nc3 Nf6 4.e5 Nfd7 5.f4 c5 6.Nf3 Nc6 7.Be3 Qb6 8.Na4 Qa5+
9.c3 c4 10.b4 Qc7 11.g3 Be7 12.Bh3 b5 13.Nc5 a5 14.a3 Nxc5 15.dxc5 O-O 16.Nd4 Qb7
17.O-O Bd7 18.Nxc6 Qxc6 19.Bd4 axb4 20.axb4 Rxa1  1/2-1/2

[Event "Cansys IM-A"]
[Site "Budapest"]
[Date "1991.??.??"]
[Round "3"]
[White "Palkovi, Jozsef"]
[Black "Barsov, Alexei"]
[Result "1/2-1/2"]
[WhiteElo "2460"]
[BlackElo "2425"]

1.e4 e6 2.d4 d5 3.Nc3 Nf6 4.e5 Nfd7 5.f4 c5 6.Nf3 Nc6 7.Be3 a6 8.Qd2 cxd4
9.Nxd4 Bc5 10.Qf2 Bxd4 11.Bxd4 Nxd4 12.Qxd4 Qb6  1/2-1/2

[Event "Utasellato NK"]
[Site "Budapest"]
[Date "1991.??.??"]
[Round "3"]
[White "Szalanczy, Emil"]
[Black "Grabert, Ralf"]
[Result "1-0"]
[WhiteElo "2420"]
[BlackElo "2305"]

1.e4 e6 2.d4 d5 3.Nc3 Nf6 4.e5 Nfd7 5.f4 c5 6.Nf3 Nc6 7.Be3 a6 8.Qd2 b5 9.g3 b4
10.Ne2 a5 11.Bh3 cxd4 12.Nexd4 Nxd4 13.Nxd4 Bc5 14.O-O O-O 15.Rae1 Ba6 16.Rf2 Rc8
17.b3 Qe7 18.f5 Nxe5 19.fxe6 Qa7 20.e7 Rfe8 21.Nf5 d4 22.Bxd4 Bxd4 23.Qxd4 Qxd4
24.Nxd4 Rc5 25.Ne6 Rxc2 26.Rxc2 Nf3+ 27.Kf2 Nxe1 28.Kxe1 Rxe7 29.Rc6 Bb5
30.Rc7 Bd7 31.Ke2 Kh8 32.Ke3 g5 33.Kd4 fxe6 34.Ke5 Rf7 35.Bxe6 Rf2 36.Rxd7 Rxh2  1-0

[Event "Cansys"]
[Site "Budapest"]
[Date "1991.??.??"]
[Round "4"]
[White "Zakic, Srdjan"]
[Black "Mohr, Stefan"]
[Result "0-1"]
[WhiteElo "2350"]
[BlackElo "2430"]

1.e4 e6 2.d4 d5 3.Nc3 Nf6 4.e5 Nfd7 5.f4 c5 6.Nf3 Nc6 7.Be3 cxd4 8.Nxd4 Bc5
9.Qd2 O-O 10.O-O-O a6 11.g4 Bxd4 12.Bxd4 b5 13.Bg2 b4 14.Ne2 a5 15.Kb1 Ba6
16.Rhe1 a4 17.f5 Bxe2 18.Rxe2 b3 19.Bc3 bxc2+ 20.Qxc2 Qg5 21.Bf3 Rfc8 22.Qd3 Qf4
23.Bd2 Qd4 24.Bc3 Qxd3+ 25.Rxd3 Rab8 26.g5 a3 27.fxe6 fxe6 28.Bg4 Kf7 29.Rxd5 exd5
30.e6+ Kg6 31.exd7 Rf8 32.h4 Rf1+ 33.Kc2 d4 34.Re6+ Kf7 35.Rxc6 Rf2+ 36.Kd3 dxc3
37.bxc3 Rd8 38.Ke3 Rg2 39.Kf3 Rd2 40.Ke3 Rg2 41.Be6+ Ke7 42.Kd4 Re2 43.Bg4 Rxa2
44.Ra6 Rg2 45.Bf5 a2 46.Kc5 Rf2 47.Bg4 Rf4 48.Bd1 Rf1  0-1

[Event "Autoteam"]
[Site "Budapest"]
[Date "1991.??.??"]
[Round "5"]
[White "Fogarasi, Tibor"]
[Black "Mueller, Karsten"]
[Result "1/2-1/2"]
[WhiteElo "2420"]
[BlackElo "2425"]

1.e4 e6 2.d4 d5 3.Nc3 Nf6 4.e5 Nfd7 5.f4 c5 6.Nf3 Nc6 7.Be3 a6 8.Qd2 b5 9.h4 b4
10.Ne2 Qb6 11.h5 a5 12.g4 Ba6 13.Bh3 Bxe2 14.Kxe2 cxd4 15.Nxd4  1/2-1/2

[Event "Cansys GM-Nov"]
[Site "Budapest"]
[Date "1991.??.??"]
[Round "6"]
[White "Szalanczy, Emil"]
[Black "Vigh, Bela"]
[Result "1/2-1/2"]
[WhiteElo "2420"]
[BlackElo "2340"]

1.e4 e6 2.d4 d5 3.Nc3 Nf6 4.e5 Nfd7 5.f4 c5 6.Nf3 Nc6 7.Be3 Qb6 8.a3 cxd4
9.Nxd4 Bc5 10.Na4 Qa5+ 11.c3 Bxd4 12.Bxd4 Nxd4 13.Qxd4 O-O 14.Bd3 b6 15.Qb4 Qxb4
16.axb4 Bb7 17.O-O Rfc8 18.Rfd1 Rc7 19.Bf1 f6 20.exf6 Nxf6 21.Rd4 Kf7 22.c4 dxc4
23.Nc3 Bd5 24.f5 Rd7 25.g4 g5 26.Re1 Rad8 27.Re5 h6 28.b5 Rd6 29.h3 R8d7
30.Bxc4 Bxc4 31.Rxc4 exf5 32.Rxf5 Kg7 33.Rc6 Rd8 34.Kg2 Rd2+ 35.Kf1 R2d6
36.Re5 Kf7 37.Rf5 Kg7 38.Ke1 Re8+ 39.Kf1 Red8 40.Rc7+ R8d7 41.Rxd7+ Rxd7
42.Ke2 Kg6 43.Re5 h5 44.gxh5+ Nxh5 45.Ne4 Nf4+ 46.Kf3 Nxh3 47.Kg4 Rd3 48.Re6+ Kf7
49.Rh6 Rd4 50.Kf5 Rd5+ 51.Kg4 Rd4 52.Kf5  1/2-1/2

[Event "Elekes mem"]
[Site "Budapest"]
[Date "1991.??.??"]
[Round "7"]
[White "Luther, Thomas"]
[Black "Somlai, Laszlo"]
[Result "1-0"]
[WhiteElo "2470"]
[BlackElo "2385"]

1.e4 e6 2.d4 d5 3.Nc3 Nf6 4.e5 Nfd7 5.f4 c5 6.Nf3 Nc6 7.Be3 a6 8.Qd2 b5 9.h4 Qb6
10.Rh3 cxd4 11.Nxd4 Nxd4 12.Bxd4 Bc5 13.O-O-O Bxd4 14.Qxd4 b4 15.Na4 Qa5
16.b3 Bb7 17.f5 exf5 18.Rg3 Rc8 19.Rxg7 Nf8 20.e6 Nxe6 21.Re1 Ke7 22.Bd3 Rc6
23.Bxf5 Rhc8 24.Rxe6+ Rxe6 25.Bxe6 Kxe6 26.Qe3+ Kf6 27.Qd4+ Ke6 28.Qe3+ Kf6
29.Rxh7 Qc7 30.Qg5+ Ke6 31.Rh6+ Kd7 32.Nb6+  1-0

[Event "Spring op"]
[Site "Budapest"]
[Date "1991.??.??"]
[Round "8"]
[White "Marusenko, Petr"]
[Black "Glek, Igor V"]
[Result "0-1"]
[WhiteElo "2335"]
[BlackElo "2540"]

1.e4 e6 2.d4 d5 3.Nc3 Nf6 4.e5 Nfd7 5.f4 c5 6.Nf3 Nc6 7.Be3 Qb6 8.Na4 Qa5+
9.c3 c4 10.b4 Qc7 11.Nc5 Nxc5 12.dxc5 b6 13.cxb6 axb6 14.Be2 Be7 15.O-O O-O
16.Qe1 Bd7 17.Qf2 b5 18.Nd4 Nxd4 19.Bxd4 Ra3 20.Bf3 f6 21.Rae1 fxe5 22.Bxe5 Bd6
23.Qd2 Bxe5 24.Rxe5 Qa7+ 25.Rf2 d4 26.Qxd4 Qxd4 27.cxd4 Rxf4 28.d5 Rf5 29.Re1 exd5
30.Re7 Ra7 31.g4 Rf6 32.Bxd5+ Kf8 33.Rfe2 Rc7 34.R7e5 Rc8 35.Be4 Bxg4 36.Rc2 Re8
37.Rxe8+ Kxe8 38.Kg2 h6 39.a4 Bd1 40.Rd2 Bxa4 41.Rd5 Ke7 42.Rc5 Re6 43.Kf3 g6
44.h4 Kf6 45.Bc6 Re5 46.Bd5 Ke7 47.Kf4 Kd6 48.Rc6+ Kxd5 49.Rc5+ Kd4 50.Rxe5 c3
51.Re6  0-1

[Event "Cansys GM-Nov"]
[Site "Budapest"]
[Date "1991.??.??"]
[Round "8"]
[White "Apicella, Manuel"]
[Black "Vigh, Bela"]
[Result "1-0"]
[WhiteElo "2430"]
[BlackElo "2340"]

1.e4 e6 2.d4 d5 3.Nc3 Nf6 4.e5 Nfd7 5.f4 c5 6.Nf3 Nc6 7.Be3 Qb6 8.Na4 Qa5+
9.c3 b6 10.a3 c4 11.b4 cxb3 12.Qxb3 Ba6 13.Nb2 Be7 14.Kf2 Bxf1 15.Rhxf1 Qa6
16.f5 Na5 17.Qc2 Qb5 18.a4 Qb3 19.Qxb3 Nxb3 20.Rab1 Rc8 21.Nd3 Na5 22.Nf4 Nf8
23.Kg1 Rc4 24.Nh5 Rg8 25.f6 gxf6 26.exf6 Bd6 27.Ng7+ Kd8 28.Bh6 Rc7 29.Ng5 Ng6
30.N7xe6+ fxe6 31.f7 Rf8 32.Nxe6+ Kd7 33.Nxc7 Bxc7 34.Bxf8 Nxf8 35.Rbe1 Bd6
36.Re8 Nc6 37.Rf6 Ba3 38.Rf5 Be7 39.g4 Ke6 40.Kf2 a6 41.Ra8 a5 42.Re8 Kd6
43.Ke3 Nd8 44.Kd3 Nde6 45.c4 dxc4+ 46.Kxc4 Kd7 47.d5 Nc7 48.Rb8 Bc5 49.Re5 Be7
50.Rxe7+  1-0

[Event "Cansys IM-A"]
[Site "Budapest"]
[Date "1991.??.??"]
[Round "9"]
[White "Palkovi, Jozsef"]
[Black "Vigh, Bela"]
[Result "1-0"]
[WhiteElo "2460"]
[BlackElo "2340"]

1.e4 e6 2.d4 d5 3.Nc3 Nf6 4.e5 Nfd7 5.f4 c5 6.Nf3 Nc6 7.Be3 cxd4 8.Nxd4 Nxd4
9.Bxd4 Nb8 10.Bd3 Nc6 11.Bf2 Be7 12.Qh5 Nb4 13.O-O-O Bd7 14.f5 g6 15.fxg6 Nxd3+
16.Rxd3 fxg6 17.Qg4 Qa5 18.Kb1 O-O-O 19.Ne2 Kb8 20.Nd4 Rc8 21.Bh4 g5 22.Be1 Qa6
23.Rf1 h5 24.Qe2 Rc4 25.Bc3 Bb4 26.Bxb4 Rxb4 27.Qf2 Qb6 28.b3 Rc8 29.Rfd1 Qc7
30.c3 Rb6 31.Qf6 g4 32.Re3 a5 33.Rf1 a4 34.Qe7 axb3 35.axb3 Qc4 36.Rf2 Ba4
37.Qd6+ Rxd6 38.bxc4 Rb6+ 39.Rb2 Rxb2+ 40.Kxb2 Rxc4 41.Nxe6 Re4 42.Rxe4 dxe4
43.Ng7 e3 44.Kc1 Kc7 45.Nxh5 Bc6 46.Nf4 Kd7 47.Kd1 Bb5 48.h4 gxh3 49.gxh3 Ke7
50.h4 Kf7 51.h5 Kg7 52.Ke1 Kh6 53.e6 Kg5 54.e7 Be8 55.Ne6+ Kf6 56.h6  1-0

[Event "Escom IM-A"]
[Site "Budapest"]
[Date "1991.??.??"]
[Round "9"]
[White "Misailovic, Nebojsa"]
[Black "Guzijan, Miodrag"]
[Result "0-1"]
[WhiteElo "2345"]
[BlackElo "2300"]

1.e4 e6 2.d4 d5 3.Nc3 Nf6 4.e5 Nfd7 5.Qg4 c5 6.Nf3 cxd4 7.Nb5 Nc6 8.Qg3 a6
9.Nbxd4 Qc7 10.Nxc6 bxc6 11.Bd3 a5 12.O-O Ba6 13.h4 Nc5 14.Nd4 Nxd3 15.cxd3 c5
16.Ne2 c4 17.dxc4 Bxc4 18.Re1 Bb4 19.Nc3 O-O 20.Bh6 f6 21.Bf4 fxe5 22.Bxe5 Qa7
23.b3 Rxf2 24.Kh1 Ba6 25.a3 Bf8 26.Rad1 Rf5 27.Rd4 Qf7 28.b4 axb4 29.axb4 Bc4
30.b5 Bc5 31.Bxg7 Bxd4 32.Bxd4+ Qg6 33.Qxg6+ hxg6 34.Rxe6 Kf7 35.Rc6 Rf4
36.Rc7+ Ke6 37.Ba7 Rxh4+ 38.Kg1 Rf8 39.g3 Rg4 40.Bf2 Rf3 41.Nd1 Bxb5 42.Ne3 Re4
43.Nxd5 Rxf2 44.Nc3 Rc2 45.Nxb5 Re1+  0-1

[Event "Zeus (Women)"]
[Site "Budapest"]
[Date "1991.??.??"]
[Round "11"]
[White "Grabics, Monika"]
[Black "Voiska, Margarita"]
[Result "1/2-1/2"]
[WhiteElo "2115"]
[BlackElo "2335"]

1.e4 e6 2.d4 d5 3.Nc3 Nf6 4.e5 Nfd7 5.f4 c5 6.Nf3 Nc6 7.Be3 a6 8.Qd2 b5 9.dxc5 Bxc5
10.Bxc5 Nxc5 11.Bd3 Qb6 12.Qf2 b4 13.Ne2 Na4 14.Qxb6 Nxb6 15.Ned4 Nxd4 16.Nxd4 Bd7
17.O-O O-O 18.Rf3 Na4 19.b3 Nc5 20.f5 Nxd3 21.cxd3 exf5 22.Nxf5 Bxf5  1/2-1/2

[Event "Buenos Aires Konex"]
[Site "Buenos Aires"]
[Date "1991.??.??"]
[Round "5"]
[White "Juarez, Alberto"]
[Black "Debarnot, Roberto"]
[Result "0-1"]
[WhiteElo "2245"]
[BlackElo "2355"]

1.e4 e6 2.d4 d5 3.Nc3 Nf6 4.e5 Nfd7 5.f4 c5 6.Nf3 Nc6 7.Be3 a6 8.Qd2 b5 9.g3 Bb7
10.Bg2 g6 11.O-O h5 12.Ne2 Nb6 13.b3 c4 14.h3 Qc7 15.g4 hxg4 16.hxg4 O-O-O
17.f5 gxf5 18.gxf5 Kb8 19.f6 Ba3 20.Kf2 Nb4 21.Ne1 c3 22.Qd1 a5 23.Nd3 Nxd3+
24.Qxd3 b4 25.Rh1 Ka7 26.Rh7 Ba6 27.Qg6 Rd7 28.Qg7 Rxh7 29.Qxh7 a4 30.Bf3 Bb2
31.Rg1 Nc4 32.Rg7 Nd2 33.Bxd5 exd5 34.e6 Ne4+ 35.Ke1 Nxf6 36.Bf4 Qd8 37.Qf5 fxe6
38.Rxd7+ Nxd7 39.Qxe6 Nb6 40.Ng3 Bc8 41.Qe5 Ka6 42.Kf2 Bg4 43.Qg5 Qxg5 44.Bxg5 Bd1  0-1

[Event "Cacak-B"]
[Site "Cacak"]
[Date "1991.??.??"]
[Round "6"]
[White "Palkovi, Jozsef"]
[Black "Marinkovic, Slavisa"]
[Result "1-0"]
[WhiteElo "2460"]
[BlackElo "2335"]

1.e4 e6 2.d4 d5 3.Nc3 Nf6 4.e5 Nfd7 5.f4 c5 6.Nf3 Nc6 7.Be3 cxd4 8.Nxd4 Bc5
9.Qd2 O-O 10.O-O-O Bxd4 11.Bxd4 a6 12.Qe3 b5 13.Bd3 Qa5 14.f5 Nxd4 15.f6 Qd8
16.Qxd4 gxf6 17.Bxh7+ Kh8 18.Qh4 fxe5 19.Qh6 Nf6 20.Be4+ Kg8 21.Rd3  1-0

[Event "Cetinje (Women)"]
[Site "Cetinje"]
[Date "1991.??.??"]
[Round "6"]
[White "Arakhamia, Ketevan"]
[Black "Zaitseva, Ludmila G"]
[Result "1-0"]
[WhiteElo "2440"]
[BlackElo "2325"]

1.e4 e6 2.d4 d5 3.Nc3 Nf6 4.e5 Nfd7 5.f4 c5 6.Nf3 Nc6 7.Be3 cxd4 8.Nxd4 Bc5
9.Be2 O-O 10.Qd2 a6 11.O-O-O Bxd4 12.Bxd4 b5 13.Bf3 b4 14.Na4 Qa5 15.b3 Bb7
16.Bb2 Qc7 17.h4 a5 18.h5 Ne7 19.g4 Bc6 20.f5 Nxe5 21.Be2 Bxa4 22.f6 gxf6
23.Qh6 Rfc8 24.Rd2 Be8 25.Qxf6 N7c6 26.h6 Kf8 27.Bb5 d4 28.Re1 Qd6 29.g5 Ng6
30.Qg7+ Ke7 31.Qf6+ Kf8 32.Bd3 Qf4 33.Qg7+ Ke7 34.Qxh7 Qxg5 35.Qg7 Qf6 36.Bxg6 Qxg6
37.Bxd4 Nxd4 38.Qxd4 Rc6 39.Qh4+ f6 40.h7 Bf7  1-0

[Event "Cheliabinsk-B"]
[Site "Cheliabinsk"]
[Date "1991.??.??"]
[Round "?"]
[White "Tomorhuyag, Nyamaa"]
[Black "Gleizerov, Evgeny"]
[Result "1/2-1/2"]
[WhiteElo "2365"]
[BlackElo "2510"]

1.e4 e6 2.d4 d5 3.Nc3 Nf6 4.e5 Nfd7 5.f4 c5 6.Nf3 Nc6 7.Be3 a6 8.Qd2 b5 9.Be2 Qb6
10.Nd1 cxd4 11.Nxd4 Nxd4 12.Bxd4 Bc5 13.c3 O-O 14.O-O b4 15.Ne3 Rb8 16.Bd3 f5
17.Bc2 a5 18.g4 fxg4 19.Nxg4 Ba6 20.Rf3 bxc3 21.bxc3 Bxd4+ 22.cxd4 Rfc8 23.Rf2 Nf8
24.Rd1 Qb4 25.f5 Qxd2 26.Rdxd2 exf5 27.Bxf5 Rc1+ 28.Kg2 Re1 29.Rf3 Bc8 30.Bxc8 Rxc8
31.Ra3 Ne6 32.Rxa5 h5 33.Nf2 Rc3 34.h4 Nf4+ 35.Kh2 Rf3 36.Rb5 Rf1 37.Rbb2 Ra1
38.Rb3 Rxb3 39.axb3 Rb1 40.Kg3 Ne6 41.Rd3 Kf7 42.Nd1 Nc7 43.Kf3 Ke6 44.Ke2 Ra1
45.Nf2 Nb5 46.Kf3 Rb1 47.Kg2 Kf5 48.Rf3+ Ke6 49.Rd3 Kf5  1/2-1/2

[Event "National op"]
[Site "Chicago"]
[Date "1991.??.??"]
[Round "6"]
[White "Lagua, Bende"]
[Black "Orlov, Georgi"]
[Result "0-1"]
[WhiteElo "2250"]
[BlackElo "2500"]

1.e4 e6 2.d4 d5 3.Nc3 Nf6 4.e5 Nfd7 5.Nce2 c5 6.c3 Nc6 7.f4 b5 8.Nf3 b4 9.f5 exf5
10.Nf4 bxc3 11.bxc3 cxd4 12.Bb5 Qa5 13.Nxd5 Ne7 14.Qb3 a6 15.Ng5 axb5 16.Nc7+ Kd8
17.Nxa8 Nxe5 18.Bf4 Nd3+ 19.Kd2 Nxf4 20.Nxf7+ Ke8 21.Nxh8 Qxa8 22.Rae1 Qxg2+
23.Kc1 Qd5 24.Qxd5 Nxd5 25.cxd4 g6 26.Rhg1 Bh6+ 27.Kc2 Kf8 28.Rb1 b4 29.a3 bxa3
30.Rb8 Kg7 31.Re1 Be3 32.Kd3 f4 33.Ra1 Kxh8 34.Rxa3 Kg7 35.Ra7 Bf5+ 36.Ke2 Bxd4  0-1

[Event "Politicen Cup"]
[Site "Copenhagen"]
[Date "1991.??.??"]
[Round "?"]
[White "Pedzich, Dominik"]
[Black "Aaberg, Anton"]
[Result "1-0"]
[WhiteElo "2400"]
[BlackElo "2235"]

1.e4 e6 2.d4 d5 3.Nc3 Nf6 4.e5 Nfd7 5.f4 c5 6.Nf3 Nc6 7.Be3 cxd4 8.Nxd4 Bc5
9.Qd2 O-O 10.O-O-O a6 11.Qf2 Nxd4 12.Bxd4 Qc7 13.Bd3 Bxd4 14.Qxd4 b5 15.Rhe1 Qb6
16.Qxb6 Nxb6 17.Ne2 b4 18.Nd4 a5 19.b3 Ba6 20.Kb2 Rfc8 21.f5 Bxd3 22.cxd3 exf5
23.Nxf5 Rc3 24.d4 Re8 25.Rc1 Rxc1 26.Rxc1 Nd7 27.Rc7  1-0

[Event "DEN-chT"]
[Site "DEN"]
[Date "1991.??.??"]
[Round "3"]
[White "Hoiberg, Nina"]
[Black "Nielsen, Jorgen G"]
[Result "1/2-1/2"]
[WhiteElo "2295"]
[BlackElo "2260"]

1.e4 e6 2.d4 d5 3.Nc3 Nf6 4.e5 Nfd7 5.f4 c5 6.Nf3 Nc6 7.Be3 a6 8.dxc5 Bxc5
9.Qd2 b5 10.Nd4 Qb6 11.Rd1 O-O 12.Bf2 Bb7 13.Be2 Rac8 14.a3 f6 15.exf6 Rxf6
16.O-O Rcf8 17.Bg4 Nxd4 18.Bxd4 h5 19.Bxh5 Bxd4+ 20.Qxd4 Rxf4 21.Rxf4 Rxf4
22.Qxb6 Nxb6 23.Re1 Rf6 24.Nb1 d4 25.Nd2 Nc4 26.Nxc4 bxc4 27.Be2 Bd5 28.Bf3 Bxf3  1/2-1/2